000 00307nam a22001337a 4500
008 170519b xxu||||| |||| 00| 0 eng d
020 _a0252009398
041 _aeng
080 _a94
100 _a16
101 _aSHH
245 _aBLACK LEADERS OF THE TWENTIETH CENTURY
_cFRANKLIN, J.H
942 _2udc
_cBK
999 _c13574
_d13574